College Football Teams in 1880 - Statistics

General Stats
  • This quiz has been taken 11 times
  • The average score is 7 of 16
Answer Stats
Answer % Correct
Yale
100%
Harvard
88%
Princeton
88%
Brown
75%
Columbia
63%
Michigan
63%
Pennsylvania
63%
Massachusetts
50%
Rutgers
38%
Amherst
13%
CCNY
13%
Stevens Tech
13%
Toronto
13%
Centre
0%
Kentucky
0%
Philadelphia Crescent Athletic Club
0%
No matching quizzes found
Score Distribution
Percent of People with Each Score
Percentile by Number Answered
Your Score History
You have not taken this quiz